[Event "Goodricke op 12th"]
[Site "Kolkata"]
[Date "2001.02.07"]
[Round "2"]
[White "Kunte, Abhijit"]
[Black "Ganguly, Surya Shekhar"]
[Result "1-0"]
[WhiteElo "2568"]
[BlackElo "2456"]
[Annotator "Wedberg,T"]
[PlyCount "57"]
[EventDate "2001.02.06"]
[EventType "swiss"]
[EventRounds "11"]
[EventCountry "IND"]
[SourceTitle "CBM 082"]
[Source "ChessBase"]
[SourceDate "2001.05.17"]
[SourceVersion "1"]
[SourceVersionDate "2001.05.17"]
[SourceQuality "1"]

1. e4 e5 2. Nf3 Nc6 3. Bb5 a6 4. Ba4 Nf6 5. O-O b5 6. Bb3 Bc5 7. a4 Rb8 8. c3
d6 9. d4 Bb6 10. Na3 O-O 11. axb5 axb5 12. Nxb5 Bg4 (12... exd4 13. cxd4 Bg4
14. Ra4 {Bologans move} (14. Re1 {can be met by} Nxd4 (14... d5 15. exd5 Nxd5
16. h3 Bh5 17. g4 Bg6 18. Nc3 {was the start of the facinating game 1-0 Anand,
V-Oll,L/Belgrade 1999/CBM 69/[Tyomkin,D] (39)}) 15. Nbxd4 Bxd4 16. h3 Bxf3 17.
Qxf3 {which looks OK for Black.}) 14... Re8 15. Re1 h6 (15... Ba5 $5 {Bologan,V
} 16. Nc3 Bxc3 17. bxc3 Rxe4 $13) 16. Bc2 d5 17. e5 Ne4 18. Nc3 Rxe5 $2 19.
Nxe4 $1 $16 {1-0 Anand,V-Piket,J/Dortmund 2000/CBM 78/[Wedberg] (28)}) 13. Bc2
{The possibilities are many and quite bewildering. One is desperately looking
for principles in a maze of tactics. The play evolves around Black's quest for
compensation for the P. White is often forced to give the P back, but then he
can usually get a slight advantage in some other form - like e.g. the pair of
B:s in an open position.} (13. Re1 Bxf3 14. gxf3 {This must be considered a
concession - even though Svidler manged to prove the g-file to be a great
asset in his win against Shirov.} (14. Qxf3 exd4 15. cxd4 Nxd4 16. Nxd4 Bxd4
$13) 14... Nh5 15. Kh1 (15. Be3 Qf6 16. Kh1 exd4 17. cxd4 Ba5 $1 18. Rg1 Rxb5
19. Ba4 Rxb2 20. Bxc6 Bb6 {1/2-1/2 Ivanchuk,V-Shirov,A/Investbanka 1997/CBM 62
(45)}) 15... Qf6 (15... exd4 16. Nxd4 Nxd4 17. cxd4 c5 $5 (17... Qf6 18. Be3
$16) 18. Rg1 cxd4 19. Bg5 Qe8 20. Bd5 Kh8 21. Qd3 Qe5 $132 {1/2-1/2 Lukin,
A-Sivokho,S/St Petersburg 1999/CBM 70 ext (31)}) 16. Rg1 $1 Nf4 17. Be3 {
1-0 Svidler,P-Shirov,A/Linares 1998/CBM 64/[Svidler] (37)}) (13. Be3 exd4 (
13... d5 14. exd5 Nxd5 15. h3 Bh5 16. Bg5 Bxf3 17. Qxf3 Qxg5 18. Bxd5 Ne7 19.
dxe5 Qxe5 20. Bc4 $16 {1-0 Almasi,Z-Arduman,C/EUCup G6 1997/CBM 62 (41)}) 14.
cxd4 Nxe4 (14... Qe8 15. h3 $1 Bd7 16. Nc3 Nxe4 17. Re1 Nxc3 18. bxc3 $14 {
1-0 Anand,V-Shirov,A/Groningen 1997/CBM 63/[Anand] (42)}) 15. Bd5 Qe8 16. h3
Bf5 17. Re1 Nb4 18. Bc4 c6 19. Na3 d5 20. Bf1 Bc7 $13 {1-0 Nijboer,F-Piket,J/
Hoogovens 1998/ (35)}) (13. Ra4 $5 Re8 (13... exd4) 14. d5 Ne7 15. Bc2 Ng6 16.
h3 Bd7 17. c4 $14 {1-0 Iordachescu,V-Sofronie,I/Bucharest 2000/CBM 77 (36)})
13... exd4 (13... d5 14. exd5 Qxd5 15. dxe5 Qxb5 16. Ba4 $1 Bxf3 17. Qxf3 Nxe5
18. Bxb5 Nxf3+ 19. gxf3 Bxf2+ 20. Kxf2 Rxb5 $14) 14. cxd4 Re8 (14... d5 {
might be best here} 15. Bg5 (15. e5 Ne4 16. Be3 f6 $132 {1/2-1/2 Morozevich,
A-Georgiev,K/Germany 1998/GER-chT (63)}) 15... Bxf3 16. Qxf3 Bxd4 17. exd5 Qxd5
18. Qxd5 Nxd5 19. Nxd4 Nxd4 20. Be4 Nf6 21. Bxf6 gxf6 $11 {1/2-1/2 Topalov,
V-Shirov,A/Wijk aan Zee 1996/CBM 51/[Shirov] (53)}) 15. Ra4 {[%mdl 8] Now
finally I think we have a new position. White has played the novelty Bc2
instead of Re1 that we saw in the comment to Black's 12th move. We are in the
Bologan line with Ra4.} Qd7 (15... Nxe4 $1 16. d5 Nxf2 17. Rxf2 Bxf2+ (17...
Bxf3 18. gxf3 Bxf2+ 19. Kxf2 Ne5 $13 (19... Rxb5 $2 20. Qd3 $1 $18)) 18. Kxf2
Ne5 19. Nbd4 Qf6 $13) 16. Qd3 $1 Rxe4 17. Bg5 $1 {White has given the P back,
but instead he gets a strong attack.} Bf5 18. Bxf6 gxf6 19. Nc3 Rf4 20. Qd2
Bxc2 21. Qxf4 Bxa4 22. Nd5 $1 {White concentrates his forces on the K-side.
The black K is quite helpless against Q and two N:s.} Qd8 (22... Qc8 23. Nxf6+
Kh8 24. Ng5 $40) 23. Nxf6+ Kg7 24. Nh5+ $2 (24. Qg5+ $1 Kh8 25. Qf5 Kg7 26.
Qxh7+ Kxf6 27. Qh6+ Ke7 28. Re1+ Ne5 29. Nxe5 dxe5 30. Rxe5+ Kd7 31. Rd5+ $16)
24... Kh8 25. Ng5 Bb3 $2 (25... Qe7 $142 26. Nxf7+ Kg8 27. Nh6+ Kh8 $11) 26.
Qf5 Bc2 27. Nxf7+ Kg8 28. Qxc2 Kxf7 29. Qxh7+ 1-0

[Event "Bundesliga 0203"]
[Site "Germany"]
[Date "2003.02.08"]
[Round "10.4"]
[White "McShane, Luke J"]
[Black "Mueller, Matthias"]
[Result "1-0"]
[WhiteElo "2546"]
[BlackElo "2403"]
[Annotator "Wedberg,T"]
[PlyCount "109"]
[EventDate "2002.10.19"]
[EventType "team-tourn"]
[EventRounds "15"]
[EventCountry "GER"]
[SourceTitle "CBM 094"]
[Source "ChessBase"]
[SourceDate "2003.05.26"]
[SourceVersion "1"]
[SourceVersionDate "2003.05.26"]
[SourceQuality "1"]
[WhiteTeam "Werder Bremen"]
[BlackTeam "Erfurt"]
[WhiteTeamCountry "GER"]
[BlackTeamCountry "GER"]

1. e4 e5 2. Nf3 Nc6 3. Bb5 a6 4. Ba4 Nf6 5. O-O b5 6. Bb3 Bc5 7. c3 d6 8. a4
Rb8 9. d4 Bb6 10. axb5 axb5 11. Na3 O-O 12. Nxb5 {A very tricky position. Even
though the results favour White so far I wouldn't be confident in saying that
this is worse for Black. A P is P though, so Black must prove his case.} Bg4 (
12... exd4 13. cxd4 Bg4 14. Ra4 (14. Ra3 $5 {Anand}) 14... Qe8 (14... Re8 15.
Re1 Qd7 16. Bc2 d5 17. e5 Ne4 18. Nc3 {see Bologan - Tkachiev, 1999, for more
on this critical line.}) 15. Qd3 Na5 16. Bc2 Bd7 17. Nc3 Bxa4 18. Bxa4 Qe6 19.
b4 $14 {1-0 Acs,P-Blehm,P/Yerevan 2000/CBM 78 ext (28)}) 13. d5 $5 {[%mdl 4]
White just wants to relieve the pressure against the centre and enjoy his
extra P.} ({Neither} 13. Re1 {nor}) (13. Be3 {nor}) (13. Bc2 {have been
totally convincing for White.}) 13... Ne7 (13... Nxe4 {is perhaps a bit
optimistic} 14. dxc6 Bxf2+ 15. Rxf2 Nxf2 16. Kxf2 Rxb5 17. Bd5 $14) 14. Bc2 Qe8
(14... Nxe4 15. Bxe4 f5 16. Bc2 e4 17. h3 Bh5 18. g4 exf3 19. gxh5 Qe8 20. Nd4
Bxd4 21. Qxd4 Qxh5 22. Kh2 f4 23. Rg1 g6 {1-0 Goloshchapov,A-Hasan,K/Dhaka
2002/CBM 87 ext (23).}) (14... Bxf2+ 15. Rxf2 Rxb5 {Equal material, but strong
White play on the Q-side.}) 15. c4 Nxe4 16. Bxe4 f5 17. Bd3 {The positional
way compared to the previous note.} e4 18. Be2 exf3 19. Bxf3 Qh5 20. Ra3 Ng6
21. Bxg4 fxg4 22. Be3 $16 {Black has some compensation for the P, but not
enough.} Bxe3 23. Rxe3 Ne5 24. b3 Rf6 25. Nd4 Rbf8 26. Rg3 Rh6 27. h3 gxh3 28.
Qxh5 Rxh5 29. gxh3 Rf7 30. f4 Nd7 31. f5 h6 32. Rf4 Kh7 33. Kf2 Rg5 34. Ne6
Rxg3 35. Kxg3 Ne5 36. Rf1 Kg8 37. Kf4 g5+ 38. Ke4 Nd7 39. Ra1 $18 Nf6+ 40. Kd4
Nh5 41. Ra8+ Kh7 42. Rc8 Nf4 43. Nxf4 gxf4 44. Ke4 f3 45. Kxf3 Rxf5+ 46. Ke4
Rf7 47. b4 Kg6 48. c5 Re7+ 49. Kd4 dxc5+ 50. Kxc5 Kf5 51. Kc6 Re4 52. Rf8+ Kg5
53. Kxc7 Rc4+ 54. Kd7 Rxb4 55. Rf3 1-0

[Event "Biel GM"]
[Site "Biel"]
[Date "2001.07.23"]
[Round "1"]
[White "Svidler, Peter"]
[Black "Grischuk, Alexander"]
[Result "1-0"]
[WhiteElo "2695"]
[BlackElo "2669"]
[Annotator "Wedberg,T"]
[PlyCount "65"]
[EventDate "2001.07.23"]
[EventType "tourn"]
[EventRounds "10"]
[EventCountry "SUI"]
[EventCategory "16"]
[SourceTitle "CBM 085"]
[Source "ChessBase"]
[SourceDate "2001.11.13"]
[SourceVersion "1"]
[SourceVersionDate "2001.11.13"]
[SourceQuality "1"]

1. e4 e5 2. Nf3 Nc6 3. Bb5 a6 4. Ba4 Nf6 5. O-O Bc5 6. c3 b5 7. Bc2 d5 {
Black wants to punish White for putting the B on c2 rather than on b3.} 8. d4
dxe4 9. Nxe5 (9. Nbd2 {was surprising but not very effective after} exf3 10.
Qxf3 Be7 11. Qxc6+ Bd7 12. Qf3 exd4 13. cxd4 O-O $11 {1/2-1/2 Topalov,V-Anand,
V/Wijk aan Zee 2001/CBM 81/[Wedberg] (34)}) (9. dxc5 Qxd1 10. Bxd1 exf3 11.
Bxf3 Bb7 12. b4 e4 13. Be2 O-O 14. a4 $36 {1/2-1/2 Rowson,J-Benjamin,J/
Edmondton 2000/EXT 2001 (54)}) 9... Nxe5 10. dxe5 Qxd1 11. Rxd1 Ng4 12. Bxe4
Nxf2 (12... Rb8 13. Bc6+ Ke7 14. Bg5+ Ke6 15. Bh4 Nxe5 16. Bd5+ Kf5 17. Nd2 $13
{1-0 Shirov,A-Ivanchuk,V/Monte Carlo 1998/CBM 63 ext (57)}) 13. Bc6+ Ke7 14.
Rd5 Bb6 15. Bg5+ $5 $146 {[%mdl 8]} (15. Bxa8 {has been exclusively played
here, but after} Nd3+ $1 (15... Be6 $2 16. Rd4 $16 {1-0 Lutz,C-Onischuk,A/
Germany 1996/GER-chT (44)}) 16. Kf1 Nxc1 17. Na3 Be6 18. Rxc1 Rxa8 19. Rd3 Bf5
20. Rdd1 Be3 (20... Bg4 21. Rd3 Bf5 22. Rdd1 Bg4 {1/2-1/2 Mariano,N-Onischuk,A/
Jakarta 1997/CBM 58 ext (22)}) 21. Ra1 Bf4 22. g3 Bxe5 {Black is clearly not
worse. 1/2-1/2 Zhang Zhong-Onischuk,A/Beijing 2000/CBM 78 (40) and 1/2-1/2
Shirov,A-Onischuk,A/Germany 2000/CBM 74 ext (78)}) 15... f6 (15... Ke6 16. Rd4
$18) 16. exf6+ gxf6 17. Bh4 {White covers f2 and prepars to play against the
weak black K. Black has no really good discovered check. This alreday looks
very pleasant for White - even without having seen Svidlers computer analysis.}
Ng4+ 18. Kh1 Rb8 19. Nd2 Be6 20. Rh5 $1 {[%mdl 128] Black has long term
problems with his K. Fritz gives an equal game here, but that is surely wrong.}
Kf7 (20... Rbd8 21. Ne4 $40) 21. h3 Ne5 22. Rh6 $1 Ng6 23. Rf1 f5 24. Bg5 Kg7
25. Nf3 Bc4 26. Rd1 $16 {[%cal Yc6e8,Yg5d8,Gd1d7] Domination in the centre and
attack. Svidlers delivers a very nice strangulation excercise in this game.}
Rbf8 (26... Be6 27. Bd7 (27. h4 $5) 27... Rbd8 28. Bxd8 Rxd8 29. Rxh7+ $18) 27.
h4 Bxa2 28. h5 Ne7 29. Rd7 Re8 30. Ne5 (30. Nh4 $1 Rhf8 31. Rxe7+ $18) 30...
Bc5 31. Nd3 Bb6 32. Bf3 Bc4 33. Ne5 (33. Ne5 Bc5 (33... Bb3 34. c4 bxc4 35.
Bf6+ Kxh6 36. Nf7#) 34. Nxc4 bxc4 35. Re6 Kf7 36. Bd5 $18) 1-0

[Event "Dortmund SuperGM"]
[Site "Dortmund"]
[Date "2000.07.09"]
[Round "3"]
[White "Anand, Viswanathan"]
[Black "Piket, Jeroen"]
[Result "1-0"]
[WhiteElo "2762"]
[BlackElo "2649"]
[Annotator "Wedberg,T"]
[PlyCount "55"]
[EventDate "2000.07.07"]
[EventType "tourn"]
[EventRounds "9"]
[EventCountry "GER"]
[EventCategory "17"]
[SourceTitle "CBM 078"]
[Source "ChessBase"]
[SourceDate "2000.10.18"]
[SourceVersion "1"]
[SourceVersionDate "2000.10.18"]
[SourceQuality "1"]

1. e4 e5 2. Nf3 Nc6 3. Bb5 a6 4. Ba4 Nf6 5. O-O b5 6. Bb3 Bc5 7. a4 Rb8 8. axb5
axb5 9. c3 d6 10. d4 Bb6 11. Na3 O-O 12. Nxb5 exd4 13. cxd4 Bg4 14. Ra4 {
This is the current fashion. White sets up an x-ray attack on the Bg4, while
at the same time adding defence to the centre P:s.} Re8 (14... Nxe4 15. d5 $16)
15. Re1 (15. Bg5 h6 16. Bd5 $1 {Bologan,V} (16. Bh4 Rxe4 17. Bxf6 Qxf6 18. Bd5
Bxf3 19. Qxf3 Rf4 20. Bxf7+ Qxf7 21. Qxc6 Rf8 $132 {1-0 Budylina,S-Matras,A/
Yerevan 1999/CBM 72 ext (67)}) 16... Ne7 (16... Bxf3 $5) 17. Bxf6 gxf6 18. Nc3
$14) 15... h6 $146 {[%mdl 8]} (15... Qd7 16. Bc2 d5 17. e5 Ne4 18. Nc3 Nxe5 $1
$132 {1-0 Bologan,V-Tkachiev,V/Enghien-les-Bains 1999/CBM 70/[Wedberg] (39)}) (
15... Ba5 $5 {Bologan,V} 16. Nc3 Bxc3 17. bxc3 Rxe4 18. Be3 Bxf3 19. gxf3 Re8
20. Ra6 $13) 16. Bc2 d5 17. e5 Ne4 18. Nc3 Rxe5 $2 {[%mdl 512] "Loading" the
position, but it´s not correct.} (18... Bxf3 $142 19. gxf3 Ng5 20. Be3 Ne6 $14)
19. Nxe4 $1 Rxe4 20. Bxe4 dxe4 21. d5 $1 {[%cal Ya4g4] Activating Ra4 and
completely killing Black´s play.} Bxf3 22. gxf3 Qh4 23. Raxe4 Qxf2+ 24. Kh1 f5
25. Rc4 $1 {Finessing the black Q.} Na5 26. Rf1 $18 Nxc4 27. Rxf2 Bxf2 28. Qe2
1-0

[Event "Lausanne YM qf"]
[Site "Lausanne"]
[Date "1999.05.14"]
[Round "1"]
[White "Asrian, Karen"]
[Black "Bacrot, Etienne"]
[Result "0-1"]
[WhiteElo "2576"]
[BlackElo "2561"]
[Annotator "Wedberg,T"]
[PlyCount "90"]
[EventDate "1999.05.??"]
[EventType "match"]
[EventRounds "1"]
[EventCountry "SUI"]
[SourceTitle "CBM 071"]
[Source "ChessBase"]
[SourceDate "1999.08.01"]
[SourceVersion "1"]
[SourceVersionDate "1999.08.01"]
[SourceQuality "1"]

1. e4 e5 2. Nf3 Nc6 3. Bb5 a6 4. Ba4 Nf6 5. O-O b5 6. Bb3 Bc5 7. d3 O-O 8. Nc3
h6 9. a4 (9. Be3 Ba7 10. a4 b4 11. Nd5 a5 12. c3 d6 13. Qd2 Be6 $11 {1-0 Heyme,
S-Roth,C/BLW9192 1992/EXT 97-B (40)}) 9... b4 10. Nd5 d6 11. c3 bxc3 (11... Bg4
12. h3 Bh5 $2 13. Nxf6+ Qxf6 14. Bd5 $18 {1-0 Larrea,M-Nkwashu,L/Medellin 1996/
Juniors (35)}) 12. bxc3 Ba7 13. Nxf6+ Qxf6 14. Bd5 Bd7 15. Be3 Bxe3 16. fxe3
$14 {White has some pressure on both flanks due to the excellently places B on
d5.} Qe7 17. Qe1 $6 {This is too one-sided. Black can defend his K-side.} ({
Instead} 17. Qb3 $1 {[%cal Yb3f7,Yf1f7,Rb3c4,Rc4a6,Rc4c7] continues the play
on both sides of the board. Black has a difficult defence ahead,} {e.g.} Ra7 (
17... Rab8 18. Qc4 Rb6 19. Rfb1 $16) 18. Nd2 Qe8 19. Rxf7 $1 Rxf7 20. Rf1 Nd8
21. Qb8 $16) 17... Rab8 {Already some counter action on the b-file.} 18. Ra2
Nd8 19. Nh4 Kh7 20. Nf5 (20. Qg3 c6 21. Bc4 Be6 $132) 20... Bxf5 21. exf5 f6
22. Bc4 c6 $1 {With some tactics against the B Black gains space in the centre.
} 23. d4 (23. Bxa6 $2 Qa7 24. Bc4 d5 $19) (23. e4 $2 d5 24. exd5 cxd5 25. Bxd5
Qc5+ $19) 23... a5 24. Qd2 d5 25. Be2 Nf7 $15 {Black is better now. The B,
that used to rule the board, is just a shadow of it´s past.} 26. c4 exd4 27.
exd4 Rb4 28. cxd5 cxd5 29. Bh5 Ng5 $17 30. Qf4 Qa7 31. Qd6 Qxd4+ 32. Kh1 Rfb8
$19 33. Rc2 Rb1 34. Rfc1 Qe5 35. Qxe5 fxe5 36. h4 Rxc1+ 37. Rxc1 Ne4 38. Bg6+
Kh8 39. Kg1 d4 40. Rc7 Rd8 41. Re7 Nf6 42. Rxe5 d3 43. Re1 d2 44. Rd1 Ne4 45.
Bh5 Nc3 0-1

[Event "Lippstadt 10th"]
[Site "Lippstadt"]
[Date "2000.07.11"]
[Round "6"]
[White "Hracek, Zbynek"]
[Black "Slobodjan, Roman"]
[Result "1-0"]
[WhiteElo "2612"]
[BlackElo "2539"]
[Annotator "Wedberg,T"]
[PlyCount "53"]
[EventDate "2000.07.06"]
[EventType "tourn"]
[EventRounds "11"]
[EventCountry "GER"]
[EventCategory "10"]
[SourceTitle "CBM 078"]
[Source "ChessBase"]
[SourceDate "2000.10.18"]
[SourceVersion "1"]
[SourceVersionDate "2000.10.18"]
[SourceQuality "1"]

1. e4 e5 2. Nf3 Nc6 3. Bb5 a6 4. Ba4 Nf6 5. O-O Bc5 6. c3 b5 7. Bc2 d6 8. d4
Bb6 9. a4 $5 {A more direct approach than just developing with h3 and Be3.} (9.
h3 O-O 10. Be3 Bb7 11. Nbd2 Re8 12. Re1 (12. d5 Ne7 13. Bxb6 cxb6 14. c4 bxc4
15. Nxc4 b5 16. Ne3 Ng6 17. a4 Qb6 $11 {1/2-1/2 Morovic Fernandez,
I-Christiansen,L/New York 1997/CBM 57 ext (50)}) 12... Rb8 13. a3 h6 $13 {
1-0 Nunn,J-Hector,J/Oxford 1998/CBM 69/[Wedberg] (34)}) 9... Bg4 10. axb5 axb5
11. Rxa8 Qxa8 12. h3 Bh5 13. d5 {This takes away Black´s pressure against the
centre and isolates the b5 P.} Na7 14. Bg5 (14. Qe2 O-O 15. Na3 c6 16. dxc6
Qxc6 17. Bg5 Nd7 18. Bb3 h6 19. Bd5 $14 {0-1 Kerek,K-Neverov,A/Eger 1999/EXT
2000 (36)}) 14... Nd7 15. Na3 $146 {[%mdl 8] It´s quite logical to attack the
b5 P in this position.} (15. g4 Bg6 16. Nh4 h6 17. Bc1 Qd8 18. Nf5 Bxf5 19.
exf5 Nf6 $132 {1/2-1/2 Fedorowicz,J-Gulko,B/Chandler 1997/CBM 61 (26)}) 15...
O-O 16. Qe2 Rb8 17. Rd1 Qb7 18. b4 {[%mdl 4] Fixing the P on b5 before adding
more pressure. Hracek´s play in this game is extremely effective. A model for
White players to study and remember.} c5 19. dxc6 Qxc6 20. Qd3 Bc7 (20... Rc8
21. Nb1 $16) (20... Bxf3 $14 {Might be best.}) 21. g4 $1 Bg6 22. Nh4 Nf8 23.
Nf5 Nc8 24. Bb3 $16 {Where did Black go wrong? Or is this line simply good for
White?} Ne6 25. Be3 Qe8 26. Kh2 f6 $2 27. Nxb5 $1 $18 1-0

[Event "Capablanca Memorial Elite 34th"]
[Site "Havana"]
[Date "1999.05.08"]
[Round "2"]
[White "Bruzon Batista, Lazaro"]
[Black "Godena, Michele"]
[Result "1-0"]
[WhiteElo "2488"]
[BlackElo "2552"]
[Annotator "Wedberg,T"]
[PlyCount "81"]
[EventDate "1999.05.??"]
[EventType "tourn"]
[EventRounds "13"]
[EventCountry "CUB"]
[EventCategory "12"]
[SourceTitle "CBM 071"]
[Source "ChessBase"]
[SourceDate "1999.08.01"]
[SourceVersion "1"]
[SourceVersionDate "1999.08.01"]
[SourceQuality "1"]

1. e4 e5 2. Nf3 Nc6 3. Bb5 a6 4. Ba4 Nf6 5. O-O b5 6. Bb3 Bc5 7. c3 d6 8. a4
Bg4 9. d3 Rb8 10. Nbd2 O-O 11. h3 Bh5 12. Re1 b4 13. Bc4 (13. a5 {/\Bc4
McShane,L}) 13... Na5 14. Bxa6 c6 15. Bc4 (15. d4 bxc3 16. dxc5 cxd2 17. Bxd2
Nb3 $17 {0-1 Rowson,J-Adams,M/London 1998/CBM 65/[McShane] (38)}) 15... d5 16.
Ba2 Qb6 (16... b3 17. Bb1 d4 $13) 17. Qe2 b3 18. Bb1 Rfe8 19. Nf1 d4 {White is
paying a high price for his extra P. The Q-side is immobilized for a long time,
maybe the rest of the game.} (19... Bxf3 $5 {played to reduce material. In the
end White will be left with Ra1 and Bb1.} 20. Qxf3 d4 $13) 20. cxd4 exd4 21. g4
Bg6 22. Bf4 Ra8 23. Ne5 Bb4 24. Rc1 c5 25. Nd2 Bxd2 (25... Qe6 $5) 26. Qxd2
Rec8 27. f3 Ne8 28. Nc4 Nxc4 {Now White can disentangle his Q-side. Black´s
play is refuted.} (28... Qa6 29. Nxa5 Qxa5 30. Qxa5 Rxa5 31. Ra3 $16) 29. dxc4
f6 30. Bd3 Ra5 31. Ra3 Rca8 32. Rca1 Nd6 33. Qh2 R8a6 $2 34. Bd2 $18 Bf7 35.
Qe2 h6 36. Bxa5 Rxa5 37. f4 Qa6 38. Rc1 Rxa4 39. Rxa4 Qxa4 40. e5 fxe5 41. fxe5
1-0

[Event "Capablanca Memorial Elite 34th"]
[Site "Havana"]
[Date "1999.05.19"]
[Round "11"]
[White "Bruzon Batista, Lazaro"]
[Black "Slobodjan, Roman"]
[Result "1-0"]
[WhiteElo "2488"]
[BlackElo "2536"]
[Annotator "Wedberg,T"]
[PlyCount "75"]
[EventDate "1999.05.??"]
[EventType "tourn"]
[EventRounds "13"]
[EventCountry "CUB"]
[EventCategory "12"]
[SourceTitle "CBM 071"]
[Source "ChessBase"]
[SourceDate "1999.08.01"]
[SourceVersion "1"]
[SourceVersionDate "1999.08.01"]
[SourceQuality "1"]

1. e4 e5 2. Nf3 Nc6 3. Bb5 a6 4. Ba4 Nf6 5. O-O Bc5 6. c3 b5 7. Bb3 d6 8. a4
Bg4 9. h3 Bxf3 (9... Bh5 {is the alternative, but White has had some success
with the plan g4 recently.} 10. d3 Rb8 11. axb5 axb5 12. g4 (12. Re1 O-O (12...
h6 13. Nbd2 g5 $6 14. g4 $1 $16 {1-0 Almasi,Z-Degraeve,J/EU-chTM 1997/EXP 57/
[Wedberg] (28)}) 13. g4 $5 Nxg4 (13... Bg6) 14. hxg4 Bxg4 15. Be3 Kh8 16. Nbd2
f5 17. exf5 Qe8 18. Bxc5 dxc5 19. Re3 Rxf5 20. Qf1 Rh5 21. Nh2 Bd7 22. Bd1 $16
{1-0 Borge,N-Hector,J/Copenhagen 1997/EXT 99 (41)}) 12... Bg6 13. Re1 Ra8 14.
Rxa8 Qxa8 15. Nbd2 O-O 16. Nf1 Nd8 17. Ng3 Ne6 18. Nh4 $40 {1-0 Movsesian,
S-Godena,M/Elista 1998/CBM 66 ext/[Wedberg] (33)}) 10. Qxf3 Na5 (10... O-O {
is a solid choice.} 11. d3 (11. a5 {Locking the Q-side gives Black a clear
plan with the break f7-f5.} Ne7 12. d3 Nd7 13. Nd2 Kh8 14. Qe2 Ba7 15. Nf3 Nc5
16. Ba2 Ne6 17. g3 Qd7 18. Kg2 Rae8 19. Bd2 f5 $132 {1-0 Sulipa,A-Malaniuk,V/
Donetsk 1998/CBM 68 (36)}) 11... Na5 12. Bc2 b4 13. Nd2 Rb8 14. Qe2 (14. Re1 h6
15. Rb1 b3 16. Bd1 Qd7 17. Ra1 $14 {Leko,P-Garcia,G/Yopal 1997/CBM 60/
[Rodriguez,Am]/1-0 (52)}) 14... Re8 15. Nf3 bxc3 16. bxc3 Nb3 17. Bxb3 Rxb3 18.
Qc2 (18. d4 $5 {1-0 Anand,V-Karpov,A/FIDE-Wch k.o. f 1998/CBM 63/[Anand] (41)})
18... Qb8 $11 {0-1 Hansen,S-Hector,J/Skaenninge 1998/CBM 65/[Wedberg] (31)})
11. Bc2 b4 12. Qd1 $146 (12. Rd1 O-O 13. cxb4 Bxb4 14. d4 exd4 15. Rxd4 Bc5 16.
Rd1 Nc6 $11 {1/2-1/2 Sanz Alonso,F-Gomez Esteban,J/Salamanca 1998/EXT 99 (23)})
12... O-O (12... b3 13. Bxb3 Nxb3 14. Qxb3 Nxe4 15. Qd5 $14) 13. d4 b3 (13...
exd4 14. cxd4 Bb6 15. d5 c6 (15... Nb7 16. Bg5 $14) 16. dxc6 Nxc6 17. Bg5 $14 {
White´s pair of B:s gives him a minute plus here.}) 14. dxc5 bxc2 15. Qxc2 dxc5
16. b4 $5 {A radical way to develop the Q-side.} ({The more prudent} 16. Be3 c4
17. Nd2 {is an OK alternative. White should be slightly better.}) 16... Nb7 17.
bxc5 Qd7 18. c4 Nxc5 19. Ba3 Qc6 20. Nc3 $14 {B against N and the good square
d5 gives White a slight plus.} Rfe8 21. Rfe1 Ne6 22. Nd5 Nxd5 23. exd5 Nd4 24.
Qc3 Qg6 25. Ra2 f6 26. Kh2 Rab8 27. Bb4 Qf5 (27... a5 28. Bxa5 Rb3 {going for
the big game.} 29. Qc1 (29. Qd2 Rxh3+ $1 30. Kxh3 (30. gxh3 Nf3+ $19) 30...
Qh5+ 31. Kg3 Nf5#) 29... Rxh3+ $2 30. gxh3 Nf3+ 31. Kh1 Qf5 32. Kg2 Nh4+ 33.
Kh2 Nf3+ 34. Kg3 $18) 28. Rb2 Qd7 29. a5 Nf5 30. Bc5 e4 $2 (30... Qa4 $14) (
30... Nd6 $14) 31. Rxb8 Rxb8 32. Rxe4 $16 h5 $6 {An odd move, but Black has
lost his objectivity after dropping the e4-P.} 33. Qf3 $18 Nd6 34. Re6 Nxc4 35.
Re7 Qd8 36. Qg3 g5 37. Qd3 Ne5 38. Qh7+ 1-0